000 00354nam a2200145 i 4500
001 bg
100 1 _aSZYMCZAK, T.
245 0 _aUstrój europejskich państw socjalistycznych /
_cT. Szymczak.
250 _aWyd.2 zm. i uzup.
260 _aWarszawa,
_c1988.
040 _cBPK
041 _apol
942 _cKS
008 s pl f |000 0 pol
999 _c3803
_d3803
856 _uhttp://koha.tu.koszalin.pl/cgi-bin/koha/opac-detail.pl?biblionumber=3803
_yKatalog online BPK